00644nam a2200193Ia 450000500170000000800410001702000180005804100120007608200130008810000140010124501030011526000540021830000200027244000830029265000260037565000210040165000120042270000160043420260429111954.0260429s9999||||xx |||||||||||||| ||und|| a9789811280009 aEnglish a532bLIU aLiu, G.R. 0aGradient smoothing methods with programming : bapplications to fluids and landslides / cG.R. Liu aSingapore : bWorld Scientific Publishing,c2024. avii, 279 p.; hb aFrontier research in computationa and mechanics of materials and biology; v. 5 a Computer programming a Fluid mechanics aPhysics a Mao, Zirui